000 00685nam a2200229Ia 4500
003 OSt
005 20230516115805.0
008 210423s2013 xx 000 0 und d
020 _a978-81-265-4224-6
040 _cAL
041 _aeng
082 _a660.60581 STEP
100 _aSTEWART (C Neal) Ed
_9105171
245 _aPlant biotechnology and genetics: principles techniques and applications
260 _aNew Delhi
_bWiley and Sons
_c2013
300 _axxi,374
_bPB
365 _b1295
_cINR
650 _aBiotechnology
_9105172
650 _aBiotechnology
_9105172
906 _aapplications ; biotechnology ; genetics: ; Plant ; principles ; techniques
942 _2ddc
_cBK
999 _c166336
_d166336